| 000 | 01321cam a22002891i 4500 | ||
|---|---|---|---|
| 003 | SA_RiAUC | ||
| 005 | 20250217081345.0 | ||
| 008 | 250215s2003____su g f000 0 ara c | ||
| 020 | _a9960847772 | ||
| 040 |
_aSA-MaHRM _bara _cSA-RiAUC _erda |
||
| 043 | _aa-su--- | ||
| 050 | 4 | _bA94 2003 | |
| 082 | 0 | 4 |
_a222.4 _qSA-RiAUC |
| 090 |
_a222.4 _b ع و ف |
||
| 100 | 1 |
_aالعوفي، محمد بن سالم بن شديد، _d1374 هجري- _eمؤلف. |
|
| 245 | 1 | 0 |
_aكتابة المصحف الشريف وطباعته : _bتاريخها وأطوارها وعناية المملكة العربية السعودية بطبعه ونشره وترجمة معانيه / _cإعداد محمد بن سالم بن شديد العوفي. |
| 250 | _aالطبعة الثانية، مزيدة ومنقحة. | ||
| 264 | 1 |
_aالمدينة المنورة : _bوزارة الشؤون الإسلامية والأوقاف والدعوة والإرشاد، _c2003 |
|
| 300 |
_a176 صفحة ؛ _c24 سم |
||
| 336 |
_aنص _btxt _2rdacontent _3كتاب |
||
| 337 |
_aبدون وسيط _bn _2rdamedia |
||
| 338 |
_aمجلد _bnc _2rdacarrier |
||
| 650 | 7 |
_aطباعة المصاحف _zالسعودية _xتاريخ _2aucsh |
|
| 730 | 2 | 2 | _aالقرآن |
| 942 |
_2ddc _cBOOK _n0 |
||
| 949 |
_aSA-JeALM _d250215 _umohamedma123 _n1 |
||
| 999 |
_c6030 _d6030 |
||